| 000 | 00377 a2200133 4500 | ||
|---|---|---|---|
| 001 | 87956 | ||
| 082 | _aPR 311 | ||
| 090 |
_c41426 _d41426 |
||
| 100 | _aScamoail Ahmad; Taimur Qurashi, Prof | ||
| 245 |
_aDesign and manufacturing of auto fuel feeding system for light aircraft _nG-58 |
||
| 260 |
_aRisalpur _bNUST _c2003 |
||
| 300 | _avii, 60p. | ||
| 500 | _aBE project reports AE | ||
| 942 |
_aCAE NUST _kPR 311 |
||
| 999 |
_c323029 _d323029 |
||